| 000 | 01578ctm a22003131aa4500 | ||
|---|---|---|---|
| 003 | SA-RiAUC | ||
| 005 | 20251212134257.0 | ||
| 007 | co ug ---uuauu | ||
| 008 | 251211s1995 su fsbm 00000 ara c | ||
| 040 |
_aSA-JeALM _bara _cSA-RiAUC _erda |
||
| 043 |
_af-ua--- _aa-su--- |
||
| 082 | 0 | 4 |
_a727.4 _qSA-RiAUC |
| 090 |
_aر 727.4 _bح ا ر |
||
| 100 | 1 |
_aالحارثي، عدنان محمد فايز، _d1379 هجري- |
|
| 245 | 1 | 0 |
_aعمارة المدرسة في مصر والحجاز في القرن 9 هـ / 15 م _bدراسة مقارنة / _cإعداد عدنان محمد فايز الحارثي ؛ إشراف ضيف الله يحيى الزهراني. |
| 260 | _c1995 | ||
| 264 |
_aمكة المكرمة : _bجامعة أم القرى . _c1995 |
||
| 300 |
_a3 مجلد . _c30 سم . |
||
| 500 | _aاهداء من المؤلف عدنان الحارثي الى الشيخ رحمه الله بتاريخ 27 / 11 / 1416 هـ | ||
| 502 | _aأطروحة (دكتوراه)-جامعة أم القرى، كلية الشريعة، 1995. | ||
| 504 | _aيشتمل على إرجاعات ببليوجرافية. | ||
| 530 | _aمتاحة نسخة على شكل مطبوع. | ||
| 650 | 7 |
_aمباني المدارس _yقرن 15 _zمصر _2aucsh |
|
| 650 | 7 |
_aالمدارس (عمارة) _yقرن 9 هجري _zالسعودية _zالحجاز _2aucsh |
|
| 650 | 7 |
_aمباني المدارس _yقرن 15 _zمصر _2aucsh |
|
| 700 |
_aالزهراني، ضيف الله يحيى _eمشرف . |
||
| 942 |
_2ddc _cTHESES _n0 |
||
| 949 |
_aSA-JeALM _d251211 _uosman123 _n1 |
||
| 999 |
_c13490 _d13490 |
||